10 penjelajah yang mengubah dunia

Bibliographic Details
Main Author: Gifford,Clive
Other Authors: Nur Ain Hafiza Mat Jusoh (penterjemah), Cousens,David (Ilustrasi)
Format: Book
Published: Kuala Lumpur : Institut Terjemahan & Buku Malaysia Berhad , 2016
Series:Tokoh pengubah dunia
Subjects:

MARC

LEADER 00000cam a2200000 7i4500
001 0000071626
005 20170322.0
008 170322
020 |a 9789674601102 
020 |a 9789674601706 (set) 
090 0 0 |a BIO   |b MAL 
100 1 |a Gifford,Clive 
245 1 0 |a 10 penjelajah yang mengubah dunia   |c Clive Gifford 
260 |a Kuala Lumpur :   |b Institut Terjemahan & Buku Malaysia Berhad ,   |c 2016 
300 |a 63 p. ;   |c 27.5 cm. 
490 1 |a Tokoh pengubah dunia 
500 |a Children ages 10-12 years old (pink) 
500 |a Includes index 
500 |a Terjemahan daripada 10 explorers who change the world 
541 0 0 |c Purchased on 2016 
650 0 |a Explorers   |x Biography 
700 0 |a Nur Ain Hafiza Mat Jusoh ,   |e penterjemah 
700 1 |a Cousens,David ,   |e Ilustrasi 
999 |a 0001446899   |b Book   |c Children Collection   |e Cawangan Kota Tinggi 
999 |a 0001446900   |b Book   |c Children Collection   |e Cawangan Taman Universiti 
999 |a 0001446901   |b Book   |c Children Collection   |e Cawangan Taman Universiti 
999 |a 0001446902   |b Book   |c Children Collection   |e Cawangan Taman Sri Lambak 
999 |a 0001446903   |b Book   |c Children Collection   |e Cawangan Muar 
999 |a 0001446904   |b Book   |c Children Collection   |e Cawangan Tmn. Ungku Tun Aminah 
999 |a 0001446905   |b Book   |c Children Collection   |e Cawangan Tangkak 
999 |a 0001446906   |b Book   |c Children Collection   |e Cawangan Bandar Penawar 
999 |a 0001446907   |b Book   |c Children Collection   |e Cawangan Mersing 
999 |a 0001446908   |b Book   |c Children Collection   |e Cawangan Taman Universiti 
999 |a 0001446909   |b Book   |c Children Collection   |e Cawangan Taman Universiti 
999 |a 0001446910   |b Book   |c Children Collection   |e Cawangan Segamat 
999 |a 0001446911   |b Book   |c Children Collection   |e Cawangan Batu Pahat 
999 |a 0001446912   |b Book   |c Teenagers   |e Cawangan Bandar Tenggara 
999 |a 0001446914   |b Book   |c Children Collection   |e Cawangan Bukit Gambir 
999 |a 0001447925   |b Book   |c Children Collection   |e Perbadanan Perpustakaan Awam Johor 
999 |a 0001447926   |b Book   |c Children Collection   |e Perbadanan Perpustakaan Awam Johor 
999 |a 0001447927   |b Book   |c Children Collection   |e Cawangan AEON Kulaijaya 
999 |a 0001447928   |b Book   |c Children Collection   |e Cawangan Urban Transformation Centre 
999 |a 0001750770   |b Book   |c Children Collection   |e Cawangan Sri Merlong